Hacia el Foro Social Mundial Caracas 2006 /
Uloženo v:
| Hlavní autor: | |
|---|---|
| Médium: | Text |
| Témata: | |
| Tagy: |
Přidat tag
Žádné tagy, Buďte první, kdo vytvoří štítek k tomuto záznamu!
|
MARC
| LEADER | 00000 a a2200000 04500 | ||
|---|---|---|---|
| 001 | 11045 | ||
| 003 | |||
| 040 | |||
| 100 | |a Lander, Edgardo | ||
| 245 | |a Hacia el Foro Social Mundial Caracas 2006 / |c Edgardo Lander | ||
| 650 | |a CONFERENCIAS | ||
| 650 | |a MOVIMIENTOS SOCIALES | ||
| 650 | |a PARTICIPACION SOCIAL | ||
| 650 | |a EVALUACION | ||
| 773 | |g volumen 6, número 18; páginas 15-27 | ||
| 999 | |c 20890 |d 20890 | ||
